Statistics for Countries With A Population Higher Than 30,000,000

Click here to take the quiz!

General Stats

  • This quiz has been taken 36 times
    (20 since last reset)
  • The average score is 41 of 48

Answer Stats

PopulationCountry% Correct
45.3 milArgentina
95%
1.44 bilChina
95%
65 milFrance
95%
83 milGermany
95%
273 milIndonesia
95%
84 milIran
95%
128 milMexico
95%
206 milNigeria
95%
37.8MPoland
95%
145 milRussia
95%
59.3 milSouth Africa
95%
70 milThailand
95%
43.7MUkraine
95%
69 milUnited Kingdom
95%
333 milUnited States
95%
97 milVietnam
95%
212 milBrazil
89%
37.7MCanada
89%
89 milDR Congo
89%
102 milEgypt
89%
1.39 bilIndia
89%
40MIraq
89%
60 milItaly
89%
126 milJapan
89%
46 milSpain
89%
59.7 milTanzania
89%
43.85MAlgeria
84%
164 milBangladesh
84%
50 milColombia
84%
114 milEthiopia
84%
53.8 milKenya
84%
220 milPakistan
84%
33.1MPeru
84%
34MSaudi Arabia
84%
43.84MSudan
84%
84.3 milTurkey
84%
38MAfghanistan
79%
109 milPhilippines
79%
51 milSouth Korea
79%
33MAngola
74%
32MMalaysia
74%
36MMorocco
74%
54.4 milMyanmar
74%
45.7 milUganda
74%
31.2MMozambique
68%
33MUzbekistan
68%
31MGhana
58%
30MYemen
53%

Score Distribution

Percentile by Number Answered

Percent of People with Each Score

Your Score History

You have not taken this quiz since the last reset